00899 2200325 4500001002100000005001500021035002000036007000300056040001700059100003500076245002800111250001200139300003700151041000800188082000800196084001400204090002000218264004900238336002100287337003000308338002300338650001600361850001000377008004100387700004800428020002200476504002900498990002300527990002300550INLIS00000000000491320260516075921 a0010-0222000003ta aSBPUPADbind0 aKhairani KurniawatiePengarang1 aSosialisasi Kepribadian a.-Cet.1 a120 hal. :billus. ;c14 x 20 cm aind a301 a301 KHA s a2x7.1 SUS m 5-8 a.--yogyakarta :bSentra Edukasi Media,c2018 2rdacontentaTeks 2rdamediaaTanpa Perantara 2rdacarrieraVolume 4aKepribadian aPUPAD260516 0  aEditor, Tim Sentra Edukasi MediaePengarang a978-602-50301-1-6 abibliografi, hlm 115-119 a30.465/BR/DPK/2019 a30.466/BR/DPK/2019